MDQL
is popping MORE tags! Check the
thread
!
Quizzes
Events
Quiz Creation
Community
Videos
Private Events
Remove Ads
Sign In
Join for FREE
Feedback
Dark Mode
Quiz Categories
Sports
Geography
Music
Movies
Television
Just For Fun
Miscellaneous
History
Literature
Language
Science
Gaming
Entertainment
Religion
Holiday
For Kids
Quiz Lab
Recent
Popular Today
Quiz Kudos Today
Editor Picks
Curator Picks
Quizzes by...
Day
Popularity
Type
Ratings
Length
Year
Community
Subscriptions
Recent Discussions
Orange Saloon
Badges
Playlists
Quests
Create
Leaderboards
Showdown
Live 5
Trivia Bingo
Activity
Puzzle Library
Sporcle Events
Private Events
Virtual Trivia
Globe League
Become a Host
Pub Owners
SporcleCon
Opinionation
Our Games
Videos
Blog
Mobile Apps
Partnerships
Remove Ads and Go Orange
Feedback
Sports
Athletes
MLB
NBA
NHL
NFL
Soccer
Sports Teams
WWE
NCAA
Football
Premier League
Basketball
Baseball
Hockey
Golf
Tennis
Cricket
Rugby
Auto Racing
Olympics
World Cup
Sports
Athletes
MLB
NBA
NHL
NFL
Soccer
Sports Teams
WWE
NCAA
Football
Premier League
Basketball
Baseball
Hockey
Golf
Tennis
Cricket
Rugby
Auto Racing
Olympics
World Cup
Random Quiz
Search Sporcle
×
Quiz Lab
Quiz Lab
Sports
NBA
Type in answers that appear in a list
Type in answers that appear in a list
Classic
Best Score? Go Orange.
NBA fourth quarter scoring 2013-14 Stats
Can you name the NBA leaders in fourth quarter scoring for the 2013-14 season?
By
wizwolves
5m
20 Questions
70 Plays
70 Plays
70 Plays
Comments
Comments
Give Quiz Kudos
Give Quiz Kudos
-
- Ratings
hide this ad
More Info
Replay
Link that replays current quiz
Next Quiz
Link to next quiz in quiz playlist
You Got
0%
They Got
Avg Score
82%
Avg Friend Score
Upgrade to see
Score Distribution
Jump to the score distribution portion of the page
Score
0/20
Timer
05:00
0
Plays Today
Team
Answer
% Correct
Heat
Lebron James
98.6%
Thunder
Kevin Durant
97.1%
Rockets
James Harden
97.1%
Warriors
Stephen Curry
95.7%
Cavaliers
Kyrie Irving
94.3%
Pelicans
Anthony Davis
94.3%
Trailblazers
Damian Lillard
92.9%
Knicks
Carmelo Anthony
92.9%
Heat
Dwayne Wade
92.9%
Pacers
Paul George
92.9%
Team
Answer
% Correct
Kings
DeMarcus Cousins
90%
Trailblazers
LeMarcus Aldridge
90%
Raptors
DeMar DeRozan
88.6%
Clippers
Jamal Crawford
80%
Nets
Brook Lopez
77.1%
Mavericks
Monta Ellis
75.7%
Lakers
Nick Young
71.4%
Kings
Isaiah Thomas
60%
Cavaliers
Dion Waiters
54.3%
Rockets
Troy Daniels
18.6%
Quiz Playlist
Details
Report
Send in Message
Add To Playlist
More Info:
All the stats are from NBA.com under sortable player stats. Thanks for playing.
Classic:
Type in answers that appear in a list
Quiz Source
Last Updated: Feb 16, 2017
Quiz Scoreboard
CHALLENGE
Sign Up to Join the Scoreboard
Show All
Scores
Hide
Comments
May contain spoilers
Recently Published
Image Sorting: Flags VI
by Barbecue
Geography
2m
Find the 'City' Movie
by crazypaving
Movies
60s
Colored Red Africa Blitz
by spor1
Geography
45s
More to Explore
Quiz From the Vault
Featured Blog Post
14 Easter Pick-up Lines to Find Eggs With
hide this ad
You Might Also Like...
Tags
NBA Quiz
2013-2014
fourth
Leader
Quarter
Scoring
season
team
Today's Top Quizzes in Sports
Browse Sports
hide this ad
Today's Top Quizzes in NBA
Browse NBA
Top Contributed Quizzes in Sports
1
Les meilleurs buteurs des matchs entre le PSG et l’OM
2
Les entraîneurs de l'OM et du PSG au 21e siècle
3
Les joueurs passés par le PSG et l'OM
4
2022 World Cup Stars
5
Players with Multiple 50 Home Run Seasons
6
Criteria MLB: Left Handed Sluggers
7
MLB Players with Two .350 Batting Average Seasons
8
Les joueurs passés par le LOSC et le RC Lens
9
NBA Logic Puzzle 2.0
10
Top 10 NHL Goal Scorers of All Time
Explore More
Trending Topics
Anime
Disney
NBA
Kpop
Crossword
Harry Potter
Marvel
Country
Puzzle
NFL
Soccer
WWE
The Office
Song
Pokémon
hide this ad
More By:
wizwolves
Quiz
Plays
Rating
Category
Featured
Created
NBA Rookie 2013-14 scorers
92
5.00
Sports
Mar 20, 2015
NBA plus/minus leaders 2013-14
84
4.50
Sports
Mar 20, 2015
NBA passers 2013-14
72
1.33
Sports
Mar 14, 2015
NBA fourth quarter scoring 2013-14
70
2.33
Sports
Mar 20, 2015
Walk A Mile In My Shoes Lyrics
18
Music
Mar 24, 2015
Go to Creator's Profile
Score Distribution
Quiz Creator Spotlight
wizwolves
Follow
Send a Message
Quizzes Created
-
Created Quiz Play Count
-
More By This Creator
Popular Quizzes Today
1
Colored Red Africa Blitz
2
Find the US States - No Outlines Minefield
3
Find the 'City' Movie
4
5x2 Blitz: Bands
5
The Countries of the World
6
Find the US States
7
Find the Countries of Europe - No Outlines Minefield
8
US States
More Sports Quizzes
Top Home Run Seasons for 'A' Players
Quiz Lab
Trending Quizzes
Colored Red Europe Blitz I
Colored Red Europe Blitz II
Colored Red Africa Blitz II
Colored Red Europe Blitz III
Colored Red Africa Blitz III
Recently Updated
How Do You Spell That?
pecheneg
Godzilla Movies
pecheneg
Grab Bag: 4-10 Letters
pecheneg
2024 March Madness Bracket
pecheneg
Famous TV Couples
Peacemaker
Champions League XIs: Real Madrid
pecheneg
Largest US Cities 1790-2010
pecheneg
Rides in Walt Disney World
pecheneg
Most Oscar Losses (Acting)
pecheneg
Beyoncé Albums
pecheneg
Trending Topics
Crossword
Harry Potter
Disney
NBA
Kpop
Anime
Marvel
Pokémon
Song
Puzzle
WWE
The Office
Soccer
NFL
Country
Your Account Isn't Verified!
In order to create a playlist on Sporcle, you need to verify the email address you used during registration. Go to your
Sporcle Settings
to finish the process.
Report this User
Report this user for behavior that violates our
Community Guidelines
.
Details:
Send Report
Go to the Sporcle.com Mobile Site →
Comments